000 00343nam a2200145 i 4500
001 90584
003 ES-MaACL
005 20230906180505.0
007 t|
008 050121s1971 sp ||||1| baq d
245 0 0 _aLehen Hrratsak.
260 _aDonostia :
_bLur,
_c[1971]
300 _a80 p. ;
_c18 cm.
852 _aES-MaACL
_jC-49129
_bR.77576
999 _c90584
_d90584